000 01238cam a2200337 i 4500
008
020 _a9780702071843 (paperback.)
040 _aNUST
_cNUST
049 _aMAIN
090 _aRC735
_bHOU
100 1 _aHough, Alexandra,
_d1947-
_eauthor.
240 1 0 _aPhysiotherapy in respiratory and cardiac care
245 1 0 _aHough's cardiorespiratory care :
_ban evidence-based, problem-solving approach /
_cAlexandra Hough, (respiratory physiotherapist and freelance lecturer).
250 _aFifth edition.
264 1 _aEdinburgh
_bElsevier,
_c2018.
300 _ax, 602 pages :
_billustrations.
336 _atext
_btxt
_2rdacontent
337 _aunmediated
_bn
_2rdamedia
338 _avolume
_bnc
_2rdacarrier
500 _aIncludes index.
504 _aIncludes bibliographical references.
650 0 _aRespiratory organs
_xDiseases
_xPhysical therapy.
650 0 _aHeart
_xDiseases
_xPhysical therapy.
650 1 2 _aRespiration Disorders
_xrehabilitation.
650 2 2 _aPhysical Therapy Modalities.
650 7 _aRespiratory organs
_xDiseases
_xPhysical therapy
907 _a.b10398983
_b04-03-22
_c23-01-20
003
005 20230120204346.0
942 _cBOOKS
_kRC735
_mHOU
999 _c121812
_d121812